| 000 | 00780nam a2200265Ia 4500 | ||
|---|---|---|---|
| 005 | 20260302115608.0 | ||
| 008 | 008 260114s9999 xx 000 0 eng d | ||
| 020 | _a9781472522740 | ||
| 037 | _aTextbook | ||
| 040 | _aCRL | ||
| 040 | _beng | ||
| 040 | _cCRL | ||
| 041 | _2eng | ||
| 041 | _aeng | ||
| 084 | _qCRL | ||
| 100 |
_aKatherine Weiss _91122096 |
||
| 245 | 2 | _aA Student Handbook to the Plays of Tennessee Williams The Glass Menagerie; A Streetcar Named Desire; Cat on a Hot Tin Roof; Sweet Bird of Youth | |
| 260 | _bBloomsbury | ||
| 260 | _bMethuen Drama | ||
| 260 | _c2014 | ||
| 650 | _aLiterary Studies | ||
| 856 | _uhttps://doi.org/10.5040/9781472522740?locatt=label:secondary_bloomsburyCollections | ||
| 942 | _cEBOOK | ||
| 999 |
_c1686783 _d1686783 |
||